| 000 | 03944nam0a2200445 4500 | ||
|---|---|---|---|
| 001 | RU\NLR\BIBL_A\012763159 | ||
| 005 | 20241113122802.0 | ||
| 010 |
_a978-5-6046188-1-9 _9200 |
||
| 021 |
_aRU _bКН-П-21-094821 _9КН-П-21-7574 |
||
| 035 | _a(NLR Aleph) 012763159 | ||
| 090 |
_a13068890 _c13068890 |
||
| 100 | _a20220415d2021 k y0rusy50 ca | ||
| 101 | 0 |
_arus _aeng |
|
| 102 | _aRU | ||
| 105 | _aa|||z|||100zy | ||
| 181 | 0 |
_ai _baxxe |
|
| 182 | 0 | _an | |
| 200 | 1 |
_aАнализ, моделирование, управление, развитие социально-экономических систем _e(АМУР-2021) _eXV Всероссийская с международным участием школа-симпозиум, [Симферополь-Судак, 14-27 сентября 2021] _eсборник научных трудов _fКрымский федеральный университет имени В.И. Вернадского, Институт экономики и управления (структурное подразделение) ФГАОУ ВО "КФУ им. В.И. Вернадского", ...Белорусский государственный университет, Донецкий национальный университет (Донецк) _gредакционный совет: доктор экономических наук, профессор А.В. Сигал (председатель) [ др.] |
|
| 203 |
_aТекст _bвизуальный _cнепосредственный |
||
| 210 |
_aСимферополь _cКорниенко А.А. _d2021 |
||
| 215 |
_a503 с. _cил., табл. _d29 |
||
| 300 | _aНа корешке: XV Всероссийская с международным участием школа-симпозиум (АМУР-2021): сборник научных трудов | ||
| 300 | _aВ вып. дан. подзаг.: Сборник научных трудов Всероссийской с международным участием школы-симпозиума АМУР-2021 | ||
| 300 | _aЧасть текста англ. | ||
| 320 | _aБиблиогр. в конце ст. и в подстроч. примеч. | ||
| 516 | 1 |
_aXV Всероссийская с международным участием школа-симпозиум (АМУР-2021) _eсборник научных трудов |
|
| 606 | 1 |
_aСоциально-экономические системы _xМатематическое моделирование _jСъезды, совещания и т.п _2nlr_sh1 _2nlr_sh2 _3RU\NLR\AUTH\661312226 |
|
| 606 | 1 |
_aСоциально-экономические системы _xУправление _jСъезды, совещания и т.п _2nlr_sh1 _2nlr_sh2 _3RU\NLR\AUTH\661298108 |
|
| 686 | 1 | _aУ.в611я431 | |
| 686 | 1 | _aУ21(2Р)я431 | |
| 702 | 1 |
_aСигал _bА. В. _gАнатолий Викторович _4340 |
|
| 711 | 1 | 2 |
_a"Анализ, моделирование, управление, развитие социально-экономических систем", всероссийская с международным участием школа-симпозиум _d15 _f2021 _eСимферополь/Судак _3RU\NLR\AUTH\880563604 |
| 712 | 0 | 2 |
_aКрымский федеральный университет им. В. И. Вернадского _cСимферополь _bИнститут экономики и управления _3RU\NLR\AUTH\880442915 _4570 |
| 712 | 0 | 2 |
_aБелорусский государственный университет _cМинск _3RU\NLR\AUTH\880618375 _4570 |
| 712 | 0 | 2 |
_aДонецкий национальный университет _3RU\NLR\AUTH\8810039105 _4570 |
| 942 | _cBOOK | ||
| 980 | _aNB | ||